000 00607nam a2200241 a 4500
001 nice12345678
003 IN_TiNIC
005 20260116011547.0
008 050524s1926 newa grp 000 0 eng
020 _a
_c100
082 0 0 _a266
_bMAS
100 _aMason, Alfred Dewitt
245 _aHistory of the Arabian Mission.
260 _aNew York
_bBoard of Foriegn Missions
_c1926
300 _a256p
500 _aincludes index and biblioraphy
505 2 _aIndex, Ill
650 _aMissions-Arab Countries
700 1 _aMason, Alfred Dewitt
902 _bSRS
942 _cBK
999 _c2618
_d2618